00646nam a2200157 a 4500001000400000003000900004008004100013040002800054082001500082100001700097245006800114260005200182300001000234505023200244650001200476428CO-ViMGA141112s2004 ck r 000 u spa d aCO-ViMGAbspacCO-ViMGA04a362.5 L3841 aLewis, Oscar10aAntropología de la pobreza : bcinco familias / cOscar Lewis aMexico : bFondo de Cultura Económica, c1987 a302 p aUn día en un pueblo mexicano : La familia Martinez 33 - - La casa grande : La familia Gómez 65 - - En los suburbios de la ciudad de Mexico : La familia Sanchez 189 - - Un día en un pueblo mexicano : La familia Martinez 3314aPOBREZA